| 000 | 01229cam a22003737i 4500 | ||
|---|---|---|---|
| 001 | 11869982 | ||
| 003 | ASAB | ||
| 005 | 20180827062659.0 | ||
| 006 | m d | ||
| 007 | cr n | ||
| 008 | 150219s2015 enka sd 000 0 eng d | ||
| 015 |
_aGBB544457 _2bnb |
||
| 020 | _a978-81-7245-492-0 (pbk.) | ||
| 035 | _a(WaSeSS)ssj0001624534 | ||
| 040 |
_aNLE _beng _cASAB _erda _dOCLCO _dNYP _dOCLCO _dDLC _dWaSeSS |
||
| 042 | _alccopycat | ||
| 050 | 4 |
_aQH302.5 _b.D54 2015 |
|
| 082 | 0 | 4 |
_a570.3 _223 |
| 210 | 1 | 0 | _aA dictionary of biology. |
| 245 | 0 | 2 |
_aA dictionary of biology. _cMichael Bull |
| 246 | 1 | 4 | _aOxford dictionary of biology |
| 250 | _atwo color layout | ||
| 300 | _a362 P. | ||
| 490 | 0 | _aOxford quick reference | |
| 500 | _aPrevious edition: 2008. | ||
| 500 | _a"Editor Robert S. Hine, BSc, MSc"--Credits. | ||
| 506 | _aLicense restrictions may limit access. | ||
| 650 | 0 |
_aBiology _vDictionaries. _92146 |
|
| 700 | 1 |
_aHine, Robert, _eeditor. _92147 |
|
| 773 | 0 | _tOxford Reference Online: Premium | |
| 856 | 4 | 0 |
_uhttp://www.columbia.edu/cgi-bin/cul/resolve?clio11869982 _zFull text available from Oxford Reference Online: Premium |
| 910 | _aLibrary of Congress record | ||
| 942 |
_2ddc _cBK |
||
| 999 |
_c480237 _d480237 |
||